| 000 | 00890cam a2200253 i 4500 | ||
|---|---|---|---|
| 001 | 62305 | ||
| 005 | 20180714064254.0 | ||
| 008 | 150323s1999 mx o r 000 0 spa d | ||
| 020 | _a9682322022 | ||
| 040 |
_aMX-PuUPA _bspa _erda _cMx-PuUPA _dMx-PuUPA |
||
| 041 | _aspa | ||
| 082 | 0 |
_a860.01 _bBLO |
|
| 100 | 1 |
_aBlock de Behar, Lisa, _d1973- _eautor |
|
| 245 | 1 | 0 |
_aBorges : _bla pasión de una cita sin fin / _cpor Lisa Block de Behar. |
| 250 | _aPrimera edición | ||
| 264 | 1 |
_aMéxico, D.F. : _bSiglo xxi Editores, _c1999 |
|
| 300 |
_a183 páginas : _bfotografías ; _c21 cm. |
||
| 336 |
_atexto _2rdacontent |
||
| 337 |
_asin mediación _2rdamedia |
||
| 338 |
_avolumen _2rdamedia |
||
| 490 | 0 | _aLingüística y teoría literaria | |
| 600 | 1 | 4 |
_aBorges, H¿Jorge Luis, _y1899-1986 _xCrítica e interpretación |
| 650 | 4 |
_aAutores argentinos _xCrítica e interpretación |
|
| 999 |
_c62305 _d62305 |
||